| 000 | 00552cam a2200205u 4500 | ||
|---|---|---|---|
| 001 | 6952019 | ||
| 003 | OSt | ||
| 005 | 20250901165747.0 | ||
| 008 | 821208s1949 mau 000 0 eng | ||
| 010 | _a 49007004 | ||
| 040 |
_aDLC _cCarP _dDLC |
||
| 050 | 0 | 0 |
_aPZ 3 .D37613 Mar 1949 _bMar _aPR9199.3.D42 |
| 100 | 1 |
_aDe la Roche, Mazo, _d1879-1961. |
|
| 245 | 1 | 0 | _aMary Wakefield. |
| 250 | _a[1st ed.] | ||
| 260 |
_aBoston, _bLittle, Brown, _c1949. |
||
| 300 |
_a337 p. _c20 cm. |
||
| 906 |
_a0 _bcbc _cpremunv _du _encip _f19 _gy-gencatlg |
||
| 942 |
_2lcc _cBK |
||
| 999 |
_c8890 _d8890 |
||